Classical mechanics (Record no. 37539)

MARC details
000 -LEADER
fixed length control field 00549nam a2200145 a 4500
008 - FIXED-LENGTH DATA ELEMENTS--GENERAL INFORMATION
fixed length control field 120416s0000 ||||||||||||||||| || u
020 ## - INTERNATIONAL STANDARD BOOK NUMBER
International Standard Book Number 0521578825
050 ## - LIBRARY OF CONGRESS CALL NUMBER
Classification number QC 125.2 Mac
100 ## - MAIN ENTRY--PERSONAL NAME
Personal name McCauley, Joseph L
245 10 - TITLE STATEMENT
Title Classical mechanics
246 ## - VARYING FORM OF TITLE
Title proper/short title transformations, flows, integrable and chaotic dynamics
260 ## - PUBLICATION, DISTRIBUTION, ETC.
Place of publication, distribution, etc. Cambridge
Name of publisher, distributor, etc. Cambridge University Press
Date of publication, distribution, etc. 1997
350 ## - PRICE (NR) (BK AM CF MU VM SE) [OBSOLETE]
Price 0.00
995 ## - RECOMMENDATION 995 [LOCAL, UNIMARC FRANCE]
-- 0.00
-- CBU-MAIN LIBRARY (Kitwe)
-- 1
-- 20.00
-- AVAILABLE
-- Main Library Open Access Collection
Holdings
Withdrawn status Lost status Source of classification or shelving scheme Damaged status Not for loan Home library Current library Shelving location Date acquired Total Checkouts Full call number Barcode Date last seen Price effective from Koha item type
          CBU-MAIN LIBRARY, KITWE. CBU-MAIN LIBRARY, KITWE.   11/30/2022   QC 125.2 Mac 027356 11/30/2022 11/30/2022 MONOGRAPH